UM Logo

Productivity growth in private-equity-backed family firms/ (Record no. 16205)

MARC details
000 -LEADER
fixed length control field 00639nam a2200169 4500
008 - FIXED-LENGTH DATA ELEMENTS--GENERAL INFORMATION
fixed length control field 210805b ||||| |||| 00| 0 eng d
022 ## - INTERNATIONAL STANDARD SERIAL NUMBER
International Standard Serial Number 10422587
082 ## - DEWEY DECIMAL CLASSIFICATION NUMBER
Classification number DPer 658.405 En86 2016 vol. 40, no. 3
100 ## - MAIN ENTRY--PERSONAL NAME
Personal name Croce, Annalisa.
9 (RLIN) 43422
245 ## - TITLE STATEMENT
Title Productivity growth in private-equity-backed family firms/
Statement of responsibility, etc. Annalisa Croce and Jose Marti.
260 ## - PUBLICATION, DISTRIBUTION, ETC. (IMPRINT)
Place of publication, distribution, etc. Hoboken, NJ:
Name of publisher, distributor, etc. Wiley Subscription Services, Inc.,
Date of publication, distribution, etc. c2016.
300 ## - PHYSICAL DESCRIPTION
Extent v40 n3, pages 657-684;
Other physical details illustrations:
Dimensions 25 cm.
650 ## - SUBJECT ADDED ENTRY--TOPICAL TERM
Topical term or geographic name as entry element Business
General subdivision private equity.
9 (RLIN) 43423
650 ## - SUBJECT ADDED ENTRY--TOPICAL TERM
Topical term or geographic name as entry element Business enterprises
General subdivision Family.
9 (RLIN) 43424
700 ## - ADDED ENTRY--PERSONAL NAME
Personal name Marti, J.
Relator term Author.
9 (RLIN) 43425
942 ## - ADDED ENTRY ELEMENTS (KOHA)
Source of classification or shelving scheme Dewey Decimal Classification
Koha item type Periodicals
Holdings
Withdrawn status Lost status Source of classification or shelving scheme Damaged status Not for loan Collection code Home library Current library Date acquired Total Checkouts Full call number Date last seen Price effective from Koha item type Public note
    Dewey Decimal Classification     Periodicals UM Digos College - LIC UM Digos College - LIC 08/05/2021   DPer 658.405 En86 2016 vol. 40, no. 3 08/05/2021 08/05/2021 Periodicals Periodical article